export_success — 

Law and Justice in a Globalized World : Proceedings of the Asia-Pacific Research in Social Sciences and Humanities, Depok, Indonesia, November 7-9, 2016: Topics in Law and Justice.

The book consists of a selection of papers presented at the Asia-Pacific Research Conference on Social Sciences and Humanities. It contains essays on current legal issues in law and justice, and their role and transformation in a globalizing world. Topics covered include human rights, criminal law,...

Full description

Bibliographic Details
Main Author: Harkrisnowo, Harkristuti.
Other Authors: Juwana, Hikmahanto., Oppusunggu, Yu Un.
Format: eBook
Language:English
Published: Milton : CRC Press LLC, 2017.
Edition:1st ed.
Subjects:
Online Access:Click to View
LEADER 02453nam a22003853i 4500
001 EBC7245531
003 MiAaPQ
005 20231204023229.0
006 m o d |
007 cr cnu||||||||
008 231204s2017 xx o ||||0 eng d
020 |a 9781351840453  |q (electronic bk.) 
020 |z 9781138626676 
035 |a (MiAaPQ)EBC7245531 
035 |a (Au-PeEL)EBL7245531 
035 |a (OCoLC)1378933850 
040 |a MiAaPQ  |b eng  |e rda  |e pn  |c MiAaPQ  |d MiAaPQ 
100 1 |a Harkrisnowo, Harkristuti. 
245 1 0 |a Law and Justice in a Globalized World :  |b Proceedings of the Asia-Pacific Research in Social Sciences and Humanities, Depok, Indonesia, November 7-9, 2016: Topics in Law and Justice. 
250 |a 1st ed. 
264 1 |a Milton :  |b CRC Press LLC,  |c 2017. 
264 4 |c Ã2017. 
300 |a 1 online resource (284 pages) 
336 |a text  |b txt  |2 rdacontent 
337 |a computer  |b c  |2 rdamedia 
338 |a online resource  |b cr  |2 rdacarrier 
520 |a The book consists of a selection of papers presented at the Asia-Pacific Research Conference on Social Sciences and Humanities. It contains essays on current legal issues in law and justice, and their role and transformation in a globalizing world. Topics covered include human rights, criminal law, law of the sea, good governance, democracy, foreign investment, and regional integration. The conference focused on Asia and the Pacific, two regions where law has taken an important position in creating and shaping the regional integrations, new legal institutions, and norms. This reconfirms the idea that the legal system is extremely important in the global world. This book provides new insights and new horizons on how law and justice took part in globalizing human interaction, especially in the Asia-Pacific region. 
588 |a Description based on publisher supplied metadata and other sources. 
590 |a Electronic reproduction. Ann Arbor, Michigan : ProQuest Ebook Central, 2023. Available via World Wide Web. Access may be limited to ProQuest Ebook Central affiliated libraries.  
655 4 |a Electronic books. 
700 1 |a Juwana, Hikmahanto. 
700 1 |a Oppusunggu, Yu Un. 
776 0 8 |i Print version:  |a Harkrisnowo, Harkristuti  |t Law and Justice in a Globalized World  |d Milton : CRC Press LLC,c2017  |z 9781138626676 
797 2 |a ProQuest (Firm) 
856 4 0 |u https://ebookcentral.proquest.com/lib/matrademy/detail.action?docID=7245531  |z Click to View